[Event "Berlin CupT"]
[Site "Berlin"]
[Date "2018.05.27"]
[Round "3.3"]
[White "Eisentraeger, Dieter"]
[Black "Voigt, Ingo"]
[Result "1/2-1/2"]
[WhiteElo "2126"]
[BlackElo "2110"]
[PlyCount "110"]
[EventDate "2018.05.27"]
[EventType "team-k.o."]
[EventRounds "5"]
[EventCountry "GER"]
[SourceTitle "EXT 2022"]
[Source "ChessBase"]
[SourceDate "2021.10.06"]
[SourceVersion "1"]
[SourceVersionDate "2021.10.06"]
[SourceQuality "1"]
[WhiteTeam "Lichtenberg Friesen"]
[BlackTeam "Weissensee Chemie"]
[WhiteTeamCountry "GER"]
[BlackTeamCountry "GER"]

1. e4 c5 2. c3 d5 3. exd5 Qxd5 4. d4 Nc6 5. Nf3 g6 6. Na3 Bg4 7. Be2 cxd4 8. Nb5 Rc8 9. Nbxd4 Nxd4 10. Qxd4 Qxd4 11. Nxd4 Bxe2 12. Nxe2 Bg7 13. Be3 b6 14. 0-0-0 Nh6 15. Bxh6 Bxh6+ 16. Kc2 Rd8 17. Nd4 Rc8 18. Rd3 a6 19. Ne2 Rc7 20. Rhd1 0-0 21. Rd8 Bg5 22. Rxf8+ Kxf8 23. Rd5 h6 24. f4 Bf6 25. Rd8+ Kg7 26. Rd5 Kf8 27. Ng3 Ke8 28. Kd3 Rc6 29. Ne4 Bg7 30. Ke3 f5 31. Nd2 e6 32. Rd3 e5 33. fxe5 Bxe5 34. Nf3 Bc7 35. h3 Re6+ 36. Kf2 b5 37. Rd2 Ke7 38. Re2 Bb6+ 39. Kf1 Be3 40. Ne1 Kd6 41. Nc2 Bc1 42. b3 Re4 43. Nd4 Kd5 44. Rc2 Be3 45. Nf3 g5 46. Ne1 Bb6 47. Rd2+ Kc6 48. Nc2 a5 49. Ne1 Bc7 50. Nf3 Bg3 51. Nd4+ Kc5 52. Re2 Rf4+ 53. Kg1 Re4 54. Kf1 Rf4+ 55. Kg1 Re4 1/2-1/2

[Event "Berlin-ch QT"]
[Site "Berlin"]
[Date "2017.04.17"]
[Round "9"]
[White "Voigt, Ingo"]
[Black "Seefeld, Marc"]
[Result "1-0"]
[WhiteElo "1985"]
[BlackElo "1917"]
[PlyCount "91"]
[EventDate "2017.04.09"]
[EventType "swiss"]
[EventRounds "9"]
[EventCountry "GER"]
[SourceTitle "CBM 189 Extra"]
[Source "ChessBase"]
[SourceDate "2019.06.03"]
[SourceVersion "1"]
[SourceVersionDate "2019.06.03"]
[SourceQuality "1"]

1. d4 Nf6 2. c4 e6 3. Nf3 b6 4. g3 Bb7 5. Bg2 Be7 6. 0-0 0-0 7. b3 d5 8. cxd5 exd5 9. Qc2 Nbd7 10. Nh4 Re8 11. Nf5 Bf8 12. Nc3 Ne4 13. Nb5 c6 14. Bxe4 Rxe4 15. Nbd6 Bxd6 16. Nxd6 Re6 17. Nxb7 Qc7 18. Nc5 bxc5 19. dxc5 Qe5 20. e3 Rh6 21. f3 Nxc5 22. Ba3 Nd7 23. Rae1 Re6 24. e4 Qd4+ 25. Kh1 Rae8 26. Bb2 Qc5 27. Qd2 h6 28. Rd1 Nb6 29. e5 Nd7 30. f4 Rb8 31. f5 Ree8 32. Qf4 Rb4 33. Rd4 Rxd4 34. Bxd4 Qe7 35. f6 gxf6 36. Qxh6 Nxe5 37. Rxf6 Ng4 38. Qg5+ Kf8 39. Qxg4 Qe1+ 40. Bg1 Qa1 41. Qd4 Qxa2 42. Rf4 Qxb3 43. Qh8+ Ke7 44. Qe5+ Kd8 45. Qd6+ Kc8 46. Qxc6+ 1-0

[Event "Berlin-ch QT"]
[Site "Berlin"]
[Date "2017.04.15"]
[Round "7"]
[White "Welz, Peter"]
[Black "Voigt, Ingo"]
[Result "1-0"]
[WhiteElo "2106"]
[BlackElo "1985"]
[PlyCount "61"]
[EventDate "2017.04.09"]
[EventType "swiss"]
[EventRounds "9"]
[EventCountry "GER"]
[SourceTitle "CBM 189 Extra"]
[Source "ChessBase"]
[SourceDate "2019.06.03"]
[SourceVersion "1"]
[SourceVersionDate "2019.06.03"]
[SourceQuality "1"]

1. e4 d5 2. exd5 Nf6 3. Bb5+ Bd7 4. Bc4 Bg4 5. f3 Bf5 6. Nc3 a6 7. Nge2 b5 8. Bb3 b4 9. g4 Bg6 10. g5 bxc3 11. gxf6 cxb2 12. Bxb2 exf6 13. h4 Qd6 14. h5 Bf5 15. d4 Qb6 16. Ng3 Bd7 17. Qe2+ Kd8 18. 0-0-0 Bd6 19. Ne4 Bf4+ 20. Kb1 Re8 21. Qg2 a5 22. a4 Bh6 23. Nc5 Bf5 24. Rhe1 Nd7 25. Rxe8+ Kxe8 26. Qe2+ Kd8 27. Re1 Ne5 28. dxe5 Qxc5 29. exf6 Kc8 30. fxg7 Kb7 31. d6 1-0

[Event "Berlin Lichtenberger op 15th"]
[Site "Berlin"]
[Date "2016.08.14"]
[Round "2"]
[White "Gaerths, Ronny"]
[Black "Voigt, Ingo"]
[Result "1-0"]
[WhiteElo "2169"]
[BlackElo "1967"]
[PlyCount "115"]
[EventDate "2016.08.13"]
[EventType "swiss"]
[EventRounds "9"]
[EventCountry "GER"]
[SourceTitle "CBM 173 Extra"]
[Source "ChessBase"]
[SourceDate "2016.08.29"]
[SourceVersion "1"]
[SourceVersionDate "2016.08.29"]
[SourceQuality "1"]

1. d4 Nf6 2. Bg5 Ne4 3. Bf4 c5 4. f3 Qa5+ 5. c3 Nf6 6. d5 d6 7. e4 Qb6 8. Qd2 e5 9. Be3 Qc7 10. a4 Be7 11. Na3 a6 12. Nc4 b6 13. a5 b5 14. Nb6 Ra7 15. Nxc8 Qxc8 16. Nh3 0-0 17. Be2 Ne8 18. 0-0 f5 19. exf5 Qxf5 20. f4 Nf6 21. fxe5 Qxe5 22. Bf3 Ne4 23. Qd3 Ng5 24. Bxg5 Bxg5 25. Rae1 c4 26. Rxe5 cxd3 27. Rxg5 Re7 28. Rg4 Nd7 29. Rd4 Ne5 30. Ng5 Rf6 31. Ne6 Ref7 32. Rd1 h6 33. R4xd3 Nxd3 34. Rxd3 g5 35. h3 Rb7 36. Rd4 Rf5 37. h4 Re7 38. hxg5 hxg5 39. Kf2 Kf7 40. Ke3 Kf6 41. b4 Re5+ 42. Kf2 Rh7 43. Rd1 Rh4 44. Rd4 Rh1 45. Nc7 Rc1 46. Rd3 Rf5 47. Kg3 Rf4 48. Re3 Rc4 49. Ne8+ Kg6 50. Re6+ Kh7 51. Nxd6 R4xc3 52. Ne4 Rb3 53. Rxa6 Rd1 54. Kg4 Rxd5 55. Kh5 Rxb4 56. Ra7+ Kg8 57. Kh6 Kf8 58. Nf6 1-0

[Event "Berlin Lichtenberger op 15th"]
[Site "Berlin"]
[Date "2016.08.13"]
[Round "1"]
[White "Voigt, Ingo"]
[Black "Toth, Hans Juergen"]
[Result "1-0"]
[WhiteElo "1967"]
[BlackElo "1623"]
[PlyCount "61"]
[EventDate "2016.08.13"]
[EventType "swiss"]
[EventRounds "9"]
[EventCountry "GER"]
[SourceTitle "CBM 173 Extra"]
[Source "ChessBase"]
[SourceDate "2016.08.29"]
[SourceVersion "1"]
[SourceVersionDate "2016.08.29"]
[SourceQuality "1"]

1. d4 f5 2. c4 Nf6 3. Nc3 e6 4. g3 Bb4 5. Bg2 Bxc3+ 6. bxc3 d5 7. Ba3 b6 8. cxd5 Nxd5 9. c4 Nf6 10. Bxa8 c6 11. Nf3 Ba6 12. Qa4 b5 13. Bxc6+ Kf7 14. Bxb5 Bxb5 15. Ne5+ Ke8 16. Qxb5+ Nbd7 17. Qa6 Nf8 18. Qxa7 N8d7 19. Qa6 Nf8 20. 0-0 h5 21. Rab1 h4 22. Qa7 N6d7 23. Nc6 Qg5 24. Rb8+ Nxb8 25. Qxb8+ Kf7 26. Ne5+ Kg8 27. Qxf8+ Kh7 28. Qf7 hxg3 29. hxg3 Ra8 30. Kg2 Rxa3 31. Rh1+ 1-0

[Event "Berlin-ch QT"]
[Site "Berlin"]
[Date "2014.04.25"]
[Round "7"]
[White "Steiner, Wolfram"]
[Black "Voigt, Ingo"]
[Result "0-1"]
[WhiteElo "1973"]
[BlackElo "2009"]
[PlyCount "50"]
[EventDate "2014.04.19"]
[EventType "swiss"]
[EventRounds "9"]
[EventCountry "GER"]
[SourceTitle "EXT 2022"]
[Source "ChessBase"]
[SourceDate "2021.10.06"]
[SourceVersion "1"]
[SourceVersionDate "2021.10.06"]
[SourceQuality "1"]

1. e4 d5 2. exd5 Qxd5 3. Nc3 Qa5 4. d4 c6 5. Bd2 Bf5 6. Nf3 Nf6 7. Bc4 e6 8. Nd5 Qd8 9. Nxf6+ Qxf6 10. Qe2 Nd7 11. 0-0-0 Nb6 12. Rhe1 Bg4 13. d5 Bxf3 14. gxf3 cxd5 15. Bb5+ Kd8 16. Bc3 Qh6+ 17. Kb1 Bd6 18. a4 a6 19. Ba5 Bc7 20. Bd3 Qxh2 21. Rh1 Qd6 22. Bxh7 Nxa4 23. Bd3 Rxh1 24. Rxh1 Bxa5 25. Rh8+ Ke7 0-1

[Event "Berlin-ch QT"]
[Site "Berlin"]
[Date "2014.04.22"]
[Round "4"]
[White "Voigt, Ingo"]
[Black "Bandow, Alexander"]
[Result "1-0"]
[WhiteElo "2009"]
[BlackElo "2085"]
[PlyCount "107"]
[EventDate "2014.04.19"]
[EventType "swiss"]
[EventRounds "9"]
[EventCountry "GER"]
[SourceTitle "EXT 2022"]
[Source "ChessBase"]
[SourceDate "2021.10.06"]
[SourceVersion "1"]
[SourceVersionDate "2021.10.06"]
[SourceQuality "1"]

1. Nf3 d5 2. g3 c5 3. Bg2 Nc6 4. d3 e5 5. Nbd2 f5 6. 0-0 e4 7. Ne1 Nf6 8. c4 exd3 9. exd3 Be7 10. cxd5 Nxd5 11. Qb3 Nc7 12. Nc2 Be6 13. Qxb7 Na5 14. Qf3 0-0 15. Qe2 Rb8 16. Nc4 Nxc4 17. dxc4 Bf6 18. Bf4 Bf7 19. Rad1 Qc8 20. b3 Rb6 21. Bxc7 Qxc7 22. Bd5 Ra6 23. Ne3 f4 24. Bxf7+ Qxf7 25. gxf4 Bd4 26. Nd5 Re8 27. Qc2 Qh5 28. Rd3 Re2 29. Qd1 Raxa2 30. Rxd4 Qg4+ 31. Kh1 cxd4 32. Qxd4 Rxf2 33. Rxf2 Rxf2 34. Qxf2 Qd1+ 35. Kg2 Qg4+ 36. Qg3 Qe2+ 37. Kg1 Qd1+ 38. Kf2 Qc2+ 39. Kf1 h5 40. h4 Qd1+ 41. Qe1 Qf3+ 42. Kg1 a5 43. Qxa5 Qxb3 44. Qc3 Qd1+ 45. Kf2 Qh1 46. Ke3 Qxh4 47. c5 Kf7 48. c6 Qg3+ 49. Ke4 Qg2+ 50. Ke5 Qe2+ 51. Qe3 Qb5 52. c7 Qe8+ 53. Kd6 Qc8 54. Qe7+ 1-0

[Event "Berlin-ch QT"]
[Site "Berlin"]
[Date "2014.04.21"]
[Round "3"]
[White "Hintze, Peter"]
[Black "Voigt, Ingo"]
[Result "0-1"]
[WhiteElo "2045"]
[BlackElo "2009"]
[PlyCount "52"]
[EventDate "2014.04.19"]
[EventType "swiss"]
[EventRounds "9"]
[EventCountry "GER"]
[SourceTitle "EXT 2022"]
[Source "ChessBase"]
[SourceDate "2021.10.06"]
[SourceVersion "1"]
[SourceVersionDate "2021.10.06"]
[SourceQuality "1"]

1. e4 c5 2. Nf3 Nc6 3. c3 d5 4. exd5 Qxd5 5. d4 Bg4 6. Be2 e6 7. 0-0 cxd4 8. cxd4 Nf6 9. Nc3 Qd8 10. Qb3 Qc8 11. d5 exd5 12. Nxd5 Nxd5 13. Qxd5 Be7 14. Bb5 0-0 15. Be3 Bf6 16. Ng5 Qf5 17. Bxc6 bxc6 18. Qxf5 Bxf5 19. Rac1 Bxb2 20. Rxc6 Rac8 21. Rxc8 Rxc8 22. Bxa7 Ra8 23. Re1 h6 24. Re2 hxg5 25. Rxb2 Rxa7 26. Kf1 Be6 0-1

[Event "Berlin Lichtenrade op 07th"]
[Site "Berlin"]
[Date "2011.10.09"]
[Round "2"]
[White "Jahnz, Fabian"]
[Black "Voigt, Ingo"]
[Result "1-0"]
[WhiteElo "2226"]
[BlackElo "2061"]
[PlyCount "65"]
[EventDate "2011.10.08"]
[EventType "swiss"]
[EventRounds "9"]
[EventCountry "GER"]
[SourceTitle "CBM 144 Extra"]
[Source "ChessBase"]
[SourceDate "2011.10.28"]
[SourceVersion "1"]
[SourceVersionDate "2011.10.28"]
[SourceQuality "1"]

1. e4 c5 2. c3 Nf6 3. e5 Nd5 4. d4 d6 5. Nf3 Nc6 6. Bc4 Nb6 7. Bb5 Bd7 8. exd6 exd6 9. 0-0 Be7 10. Be3 cxd4 11. Nxd4 Ne5 12. Qb3 0-0 13. Nd2 d5 14. N4f3 Nec4 15. Nxc4 dxc4 16. Bxb6 Qxb6 17. Bxc4 Qc5 18. Rfe1 Bd6 19. Bd5 Rab8 20. Ng5 Ba4 21. Qxa4 Qxd5 22. Ne4 Bc7 23. Qxa7 f5 24. Ng5 Qd6 25. Nf3 g5 26. Rad1 Qh6 27. Qc5 Rf7 28. Ne5 Re8 29. g3 Rfe7 30. Qd5+ Kg7 31. Nf3 g4 32. Rxe7+ Rxe7 33. Nd4 1-0

[Event "Berlin Lichtenberger op 8th"]
[Site "Berlin"]
[Date "2009.08.23"]
[Round "9"]
[White "Voigt, Ingo"]
[Black "Handel, Horst"]
[Result "1-0"]
[WhiteElo "2046"]
[BlackElo "2127"]
[PlyCount "79"]
[EventDate "2009.08.15"]
[EventType "swiss"]
[EventRounds "9"]
[EventCountry "GER"]
[SourceTitle "CBM 131 Extra"]
[Source "ChessBase"]
[SourceDate "2009.09.03"]
[SourceVersion "2"]
[SourceVersionDate "2009.09.16"]
[SourceQuality "1"]

1. Nf3 f5 2. d4 Nf6 3. g3 d5 4. Bg2 c6 5. 0-0 e6 6. c4 Bd6 7. b3 Qe7 8. Bb2 Nbd7 9. Nbd2 Ng4 10. h3 Nh6 11. Ne5 Nxe5 12. dxe5 Bc5 13. Nf3 Nf7 14. Qd2 0-0 15. a3 dxc4 16. b4 Bb6 17. Qc2 Bd7 18. Qxc4 Rfd8 19. e3 Be8 20. Nd4 Bd7 21. f4 Kh8 22. Nc2 Rg8 23. Kh2 g5 24. Rad1 Rg6 25. Nd4 Rag8 26. Nxf5 Qd8 27. Nd6 Qe7 28. f5 Rh6 29. fxe6 Bxe6 30. Nxf7+ Kg7 31. Nxh6 Bxc4 32. Nf5+ Kf7 33. Nxe7+ Kxe7 34. Rf3 Be2 35. Rd2 Bxf3 36. Bxf3 Rd8 37. Rd1 Rxd1 38. Bxd1 Bxe3 39. Bb3 b6 40. Kg2 1-0

[Event "Berlin-ch Class-A"]
[Site "Berlin"]
[Date "2009.05.21"]
[Round "2"]
[White "Voigt, Ingo"]
[Black "Zschaebitz, Klaus"]
[Result "1/2-1/2"]
[WhiteElo "2053"]
[BlackElo "2100"]
[PlyCount "123"]
[EventDate "2009.05.20"]
[EventType "tourn"]
[EventRounds "7"]
[EventCountry "GER"]
[SourceTitle "EXT 2012"]
[Source "ChessBase"]
[SourceDate "2011.11.24"]
[SourceVersion "1"]
[SourceVersionDate "2011.11.24"]
[SourceQuality "1"]

1. Nf3 d5 2. g3 Nf6 3. Bg2 Nbd7 4. d4 e6 5. 0-0 c5 6. e3 Be7 7. c4 0-0 8. cxd5 exd5 9. Nc3 b6 10. dxc5 Nxc5 11. Nd4 Qd7 12. b4 Nce4 13. Qb3 Bb7 14. Nce2 Rac8 15. f3 Nd6 16. Nf4 Rc4 17. Bh3 Qc7 18. Bb2 Bc8 19. Bg2 Bd7 20. Rfc1 Rc8 21. Bf1 Rxc1 22. Rxc1 Qb7 23. Rxc8+ Nxc8 24. Bd3 Nd6 25. Qc2 Nde8 26. a3 Bd6 27. Nfe2 Qc7 28. Qxc7 Bxc7 29. Nf5 g6 30. Nfd4 Kf8 31. Nb5 Bb8 32. Ned4 Ke7 33. Nc3 Nd6 34. b5 Nc4 35. Bc1 Ne5 36. Be2 Kd6 37. a4 Be6 38. Ba3+ Kd7 39. f4 Neg4 40. Bc1 h5 41. Nc6 Kc7 42. Bf3 a5 43. h3 Nh6 44. Kg2 Nf5 45. e4 dxe4 46. Nxe4 Nxe4 47. Bxe4 Nd6 48. Bc2 Bd5+ 49. Kf2 Bxc6 50. bxc6 Kxc6 51. g4 hxg4 52. hxg4 Nc4 53. Ke2 b5 54. Kd3 Nb6 55. axb5+ Kxb5 56. Bb3 f6 57. Bf7 f5 58. gxf5 gxf5 59. Be6 a4 60. Bxf5 Nd5 61. Bd7+ Kb4 62. Bd2+ 1/2-1/2

[Event "Berlin Kreuzberg op"]
[Site "Berlin"]
[Date "2007.07.21"]
[Round "8"]
[White "Voigt, Ingo"]
[Black "Bornschein, Burkhard"]
[Result "0-1"]
[WhiteElo "2120"]
[BlackElo "2040"]
[PlyCount "40"]
[EventDate "2007.07.20"]
[EventType "swiss"]
[EventRounds "9"]
[EventCountry "GER"]
[SourceTitle "EXT 2008"]
[Source "ChessBase"]
[SourceDate "2007.11.25"]
[SourceVersion "1"]
[SourceVersionDate "2007.11.25"]
[SourceQuality "1"]

1. b3 e5 2. Bb2 Nc6 3. e3 d5 4. Bb5 Bd6 5. f4 Qe7 6. Nf3 f6 7. fxe5 fxe5 8. Bxc6+ bxc6 9. Nxe5 Qh4+ 10. g3 Qg5 11. Nf3 Qh6 12. 0-0 Nf6 13. Bxf6 gxf6 14. Kf2 Bg4 15. Rh1 Rg8 16. Nc3 Qh5 17. Rg1 0-0-0 18. Qe2 Kb7 19. Raf1 Rg5 20. h3 Bxf3 0-1

[Event "Berlin Kreuzberg op"]
[Site "Berlin"]
[Date "2007.07.20"]
[Round "6"]
[White "Voigt, Ingo"]
[Black "Kohler, Thomas"]
[Result "0-1"]
[WhiteElo "2120"]
[BlackElo "2254"]
[PlyCount "64"]
[EventDate "2007.07.20"]
[EventType "swiss"]
[EventRounds "9"]
[EventCountry "GER"]
[SourceTitle "EXT 2008"]
[Source "ChessBase"]
[SourceDate "2007.11.25"]
[SourceVersion "1"]
[SourceVersionDate "2007.11.25"]
[SourceQuality "1"]

1. b3 e5 2. Bb2 d6 3. e3 Nd7 4. g3 g6 5. Bg2 Bg7 6. f4 Ne7 7. Nf3 0-0 8. fxe5 Nxe5 9. Nxe5 dxe5 10. 0-0 c6 11. Qe2 Bf5 12. e4 Be6 13. d3 a5 14. Nd2 a4 15. Nf3 Qd6 16. Ng5 Bd7 17. h4 c5 18. Nf3 Nc6 19. Qd2 Rfc8 20. Nh2 Be6 21. Qf2 Nd4 22. g4 Rf8 23. g5 f6 24. Qd2 fxg5 25. Rxf8+ Rxf8 26. hxg5 a3 27. Bxa3 Nxb3 28. axb3 Qd4+ 29. Kh1 Qxa1+ 30. Bc1 Ra8 31. Nf3 Qb1 32. Qe1 Ra1 0-1

[Event "Berlin Unicorn op"]
[Site "Berlin"]
[Date "2007.05.20"]
[Round "7"]
[White "Kunz, Andre"]
[Black "Voigt, Ingo"]
[Result "1/2-1/2"]
[WhiteElo "1904"]
[BlackElo "2120"]
[PlyCount "21"]
[EventDate "2007.05.16"]
[EventType "swiss"]
[EventRounds "7"]
[EventCountry "GER"]
[SourceTitle "CBM 118 Extra"]
[Source "ChessBase"]
[SourceDate "2007.07.04"]
[SourceVersion "1"]
[SourceVersionDate "2007.07.04"]
[SourceQuality "1"]

1. e4 b6 2. d4 Bb7 3. Nc3 e6 4. Nf3 d5 5. exd5 exd5 6. Bb5+ c6 7. Bd3 Nf6 8. 0-0 Be7 9. Re1 0-0 10. Bg5 Nbd7 11. Ne2 1/2-1/2

[Event "Berlin Lichtenberger op 6th"]
[Site "Berlin"]
[Date "2007.??.??"]
[Round "?"]
[White "Niehaus, Frank"]
[Black "Voigt, Ingo"]
[Result "1-0"]
[WhiteElo "2239"]
[BlackElo "2120"]
[PlyCount "117"]
[EventDate "2007.08.18"]
[EventType "swiss"]
[EventRounds "9"]
[EventCountry "GER"]
[SourceTitle "CBM 120 Extra"]
[Source "ChessBase"]
[SourceDate "2007.11.01"]
[SourceVersion "1"]
[SourceVersionDate "2007.11.01"]
[SourceQuality "1"]

1. e4 d5 2. exd5 Qxd5 3. Nc3 Qa5 4. d4 c6 5. Nf3 Nf6 6. Bc4 Bf5 7. Bd2 Qc7 8. Ne5 e6 9. g4 Bg6 10. h4 Nbd7 11. Qe2 Nxe5 12. dxe5 Nxg4 13. Qxg4 Qxe5+ 14. Qe2 Qxe2+ 15. Bxe2 Bxc2 16. h5 Be7 17. Rc1 Bf5 18. Na4 Rd8 19. Be3 0-0 20. a3 b6 21. b4 Rd6 22. Rg1 Rfd8 23. Bf4 Rd5 24. Bh6 Bf6 25. Rxc6 Bd3 26. Bxg7 Bxg7 27. h6 Bg6 28. hxg7 Rd2 29. Rg3 Ra2 30. Rc1 Kxg7 31. Bc4 Rad2 32. Nc3 R2d4 33. Be2 Rh4 34. Kf1 Kf6 35. Kg2 Rhd4 36. Re3 Rg8 37. Kf1 Rh4 38. Bf3 Rd8 39. Ne4+ Kg7 40. Rc7 Rd4 41. Nc3 a5 42. bxa5 bxa5 43. Rxe6 Bd3+ 44. Kg2 Bc4 45. Re4 Bd5 46. Rxh4 Bxf3+ 47. Kxf3 Rxh4 48. Kg3 Rd4 49. Nb5 Rd5 50. a4 h5 51. Ra7 Rg5+ 52. Kh4 Rg4+ 53. Kxh5 Rxa4 54. Kg5 Ra2 55. f4 Ra1 56. Nd6 Rg1+ 57. Kf5 Rg6 58. Rxf7+ Kh6 59. Rf6 1-0

[Event "Berlin op 05"]
[Site "Berlin"]
[Date "2006.05.27"]
[Round "5"]
[White "Getz, Nicolai"]
[Black "Voigt, Ingo"]
[Result "1/2-1/2"]
[WhiteElo "1952"]
[BlackElo "1864"]
[PlyCount "57"]
[EventDate "2006.05.24"]
[EventType "swiss"]
[EventRounds "7"]
[EventCountry "GER"]
[SourceTitle "EXT 2007"]
[Source "ChessBase"]
[SourceDate "2006.11.23"]
[SourceVersion "1"]
[SourceVersionDate "2006.11.23"]
[SourceQuality "1"]

1. e4 d6 2. d4 g6 3. c4 Bg7 4. Nc3 Nf6 5. Be2 0-0 6. Nf3 e5 7. 0-0 Nc6 8. d5 Ne7 9. Ne1 Ne8 10. Be3 f5 11. f3 f4 12. Bf2 Kh8 13. b4 Ng8 14. Rc1 h5 15. h3 Bf6 16. Nd3 Bh4 17. Bxh4 Qxh4 18. Qe1 Qd8 19. h4 g5 20. hxg5 Qxg5 21. Kh2 h4 22. Rh1 Nh6 23. Kg1 h3 24. Qf2 Rg8 25. Rh2 Bd7 26. Kf1 Qg3 27. gxh3 Nf6 28. c5 Rg6 29. Ke1 1/2-1/2

[Event "Berlin op 05"]
[Site "Berlin"]
[Date "2006.05.27"]
[Round "6"]
[White "Voigt, Ingo"]
[Black "Spiess, Gregor"]
[Result "0-1"]
[WhiteElo "1864"]
[BlackElo "1775"]
[PlyCount "80"]
[EventDate "2006.05.24"]
[EventType "swiss"]
[EventRounds "7"]
[EventCountry "GER"]
[SourceTitle "EXT 2007"]
[Source "ChessBase"]
[SourceDate "2006.11.23"]
[SourceVersion "1"]
[SourceVersionDate "2006.11.23"]
[SourceQuality "1"]

1. b3 Nf6 2. Bb2 d5 3. e3 Bf5 4. c4 e6 5. Nf3 Nbd7 6. Be2 Bd6 7. d4 c6 8. Nbd2 Ne4 9. h3 Qe7 10. c5 Bc7 11. b4 Nxd2 12. Nxd2 e5 13. 0-0 e4 14. Bg4 Bxg4 15. Qxg4 0-0 16. f4 exf3 17. Rxf3 f5 18. Qh5 g6 19. Qh6 Nf6 20. Qh4 Rae8 21. Re1 b5 22. Re2 a5 23. Bc3 a4 24. a3 Ne4 25. Qxe7 Rxe7 26. Nxe4 Rxe4 27. g3 Rfe8 28. Be1 Rxd4 29. e4 Rdxe4 30. Rxe4 Rxe4 31. Bd2 h5 32. Kf2 Be5 33. Bg5 Kf7 34. Rd3 Ke6 35. Kf3 Rc4 36. Bd2 h4 37. g4 fxg4+ 38. hxg4 h3 39. g5 h2 40. Kg2 Rg4+ 0-1

[Event "Berlin tt 0001"]
[Site "Berlin"]
[Date "2000.12.17"]
[Round "4.7"]
[White "Feldmann, Guido"]
[Black "Voigt, Ingo"]
[Result "1-0"]
[WhiteElo "2006"]
[BlackElo "1917"]
[PlyCount "39"]
[EventDate "2000.10.22"]
[EventType "team"]
[EventRounds "11"]
[EventCountry "GER"]
[SourceTitle "EXT 2007"]
[Source "ChessBase"]
[SourceDate "2006.11.23"]
[SourceVersion "1"]
[SourceVersionDate "2006.11.23"]
[SourceQuality "1"]

1. e4 c5 2. Nf3 Nc6 3. d4 cxd4 4. Nxd4 Nf6 5. Nc3 Qa5 6. Nb3 Qd8 7. g4 d6 8. g5 Nd7 9. Be3 a6 10. Qd2 b5 11. 0-0-0 Bb7 12. a3 Rc8 13. f4 e6 14. Bg2 Nb6 15. Bf1 b4 16. axb4 Nxb4 17. Qd4 N6d5 18. exd5 Bxd5 19. Nxd5 Nxc2 20. Qa4+ 1-0

[Event "Berlin tt 0001"]
[Site "Berlin"]
[Date "2000.12.03"]
[Round "3.7"]
[White "Voigt, Ingo"]
[Black "Billing, Georg"]
[Result "0-1"]
[WhiteElo "1917"]
[BlackElo "2092"]
[PlyCount "44"]
[EventDate "2000.10.22"]
[EventType "team"]
[EventRounds "11"]
[EventCountry "GER"]
[SourceTitle "EXT 2007"]
[Source "ChessBase"]
[SourceDate "2006.11.23"]
[SourceVersion "1"]
[SourceVersionDate "2006.11.23"]
[SourceQuality "1"]

1. Nf3 Nf6 2. g3 g6 3. Bg2 Bg7 4. d4 c6 5. c4 0-0 6. 0-0 d5 7. Nbd2 Na6 8. b3 Nc7 9. Bb2 h6 10. Re1 a5 11. e4 dxe4 12. Nxe4 Nxe4 13. Rxe4 a4 14. Ne5 axb3 15. axb3 Rxa1 16. Qxa1 Bf5 17. Re3 Qa8 18. Qc1 Rd8 19. Qe1 Qa2 20. Qe2 Qb1+ 21. Bf1 Bh3 22. f4 Bxf1 0-1